| 000 | 00654cam a2200229 4500500 | ||
|---|---|---|---|
| 005 | 20260329004943.0 | ||
| 041 | _afre | ||
| 042 | _adc | ||
| 100 | 1 | 0 |
_ade Oliveira, Victorine _eauthor |
| 245 | 0 | 0 | _aLa méthode en un coup d’œil |
| 260 | _c2021. | ||
| 500 | _a7 | ||
| 690 | _aCogito | ||
| 690 | _aDescartes | ||
| 690 | _aDiscours de la méthode | ||
| 690 | _aNature | ||
| 690 | _aRaison | ||
| 690 | _aRationalité | ||
| 690 | _aRêve | ||
| 786 | 0 | _nPhilosophie magazine | 154 | 11 | 2021-11-01 | p. 45-46 | 1951-1787 | |
| 856 | 4 | 1 | _uhttps://shs.cairn.info/magazine-philosophie-magazine-2021-11-page-45?lang=fr&redirect-ssocas=7080 |
| 999 |
_c1838878 _d1838878 |
||